[Event "Challenge"]
[Site "http://www.queenalice.com/game.php?id=945676"]
[Date "2011.6.3"]
[Round "-"]
[White "jesieljr"]
[Black "jogoxadrez"]
[Result "1-0"]
[WhiteElo "1100"]
[BlackElo "1060"]

1. e4 e5 2. Nf3 Nc6 3. Nc3 d6 4. Bb5 Nh6 5. d3 Ng4 6. Qe2 a6 7. Bxc6+ bxc6 8.
Na4 d5 9. Bg5 Qd7 10. Nh4 h6 11. Bd2 c5 12. b3 Bb7 13. f4 Be7 14. Nf5 g6 15.
Nxe7 1-0

[Event "Challenge"]
[Site "http://www.queenalice.com/game.php?id=950056"]
[Date "2011.6.15"]
[Round "-"]
[White "acandidojr"]
[Black "jesieljr"]
[Result "1-0"]
[WhiteElo "1702"]
[BlackElo "1362"]

1. e4 e5 2. Nf3 Nc6 3. Nc3 Bb4 4. Nd5 Nf6 5. c3 Bc5 6. d4 Bb6 7. dxe5 Nxe4 8.
Be3 Na5 9. Bd3 c6 10. Bxe4 cxd5 11. Bxd5 O-O 12. b4 Nc6 13. Bxc6 bxc6 14. c4
Bxe3 15. c5 Bf4 16. O-O d5 17. Qc2 Re8 18. g3 Bxe5 19. Rae1 Bc7 20. Rd1 Qf6 21.
Qd3 Bf5 22. Qa6 Be4 23. Nd4 Qh6 24. f3 Bf5 25. Nxf5 Qh3 26. Qd3 Re5 27. Nd4 Rae8
28. Nxc6 Re3 29. Qxd5 Bxg3 30. hxg3 Qxg3+ 31. Kh1 Re2 32. Ne7+ Kf8 33. Ng6+ hxg6
34. Qd6+ Qxd6 35. cxd6 Rd8 36. Rfe1 Rxa2 37. d7 Ra4 38. Rd4 a5 39. Rde4 Rxb4 40.
Re8+ Rxe8 41. Rxe8# 1-0

[Event "Challenge"]
[Site "http://www.queenalice.com/game.php?id=955459"]
[Date "2011.6.30"]
[Round "-"]
[White "shatranj"]
[Black "jesieljr"]
[Result "0-1"]
[WhiteElo "1430"]
[BlackElo "1525"]

1. d4 d5 2. Nf3 Nc6 3. Bf4 g6 4. e3 Bg7 5. Nc3 Nf6 6. Bd3 O-O 7. Qd2 Bg4 8. O-O
Bxf3 9. gxf3 e6 10. e4 Nxd4 11. Qe3 dxe4 12. fxe4 Ng4 13. Qh3 h5 14. Qg3 c5 15.
Rae1 Nc6 16. f3 Nge5 17. Bb5 Nd7 18. Bc7 Qe7 19. Na4 Nd4 20. Qf2 Nxb5 21. Ba5
Qg5+ 22. Qg2 Bd4+ 23. Kh1 Qxg2+ 24. Kxg2 b6 25. Bd2 Ne5 26. c3 Nc4 27. cxd4 Nxd2
28. Rf2 Nc4 29. dxc5 bxc5 30. Nxc5 Nxb2 31. Rxb2 Rac8 32. Nd7 Rfd8 33. Nf6+ Kf8
34. Rxb5 Rd2+ 35. Kg3 Rxa2 36. Rb7 Kg7 37. e5 Rcc2 38. Kh4 Kh6 0-1

[Event "Challenge"]
[Site "http://www.queenalice.com/game.php?id=955460"]
[Date "2011.6.30"]
[Round "-"]
[White "shatranj"]
[Black "jesieljr"]
[Result "0-1"]
[WhiteElo "1441"]
[BlackElo "1352"]

1. e4 e5 2. Nc3 Nf6 3. Nf3 g6 4. Bc4 Qe7 5. Ng5 Bg7 6. Nxf7 Rf8 7. Ng5 d6 8. d3
Ng4 9. f3 Nf6 10. O-O b6 11. Bb5+ c6 12. Bc4 b5 13. Bb3 Nh5 14. Nxh7 Rh8 15. Ng5
Nf4 16. a4 Qxg5 17. g3 Bh3 18. Rf2 Bd7 19. Ne2 Qh5 20. Bxf4 exf4 21. gxf4 g5 22.
Rg2 Bxb2 23. Rb1 Bh3 24. Rxg5 Qh7 25. Rxb2 Nd7 26. Nd4 Bg4 27. fxg4 Qxh2+ 28.
Kf1 Qh1+ 29. Ke2 Rh2+ 30. Ke3 Qxd1 31. Rg8+ Nf8 32. Nxc6 Qg1+ 33. Kf3 Qf2# 0-1

[Event "Challenge"]
[Site "http://www.queenalice.com/game.php?id=960932"]
[Date "2011.7.16"]
[Round "-"]
[White "jesieljr"]
[Black "juliocat"]
[Result "1-0"]
[WhiteElo "1472"]
[BlackElo "1451"]

1. e4 e5 2. Nc3 Nf6 3. Nf3 c6 4. Nxe5 b5 5. b3 Bd6 6. d4 b4 7. Bc4 O-O 8. Na4
Nxe4 9. O-O Nc3 10. Nxc3 bxc3 11. Qf3 Bxe5 12. dxe5 d5 13. Bd3 f6 14. Qh5 g6 15.
Bxg6 hxg6 16. Qxg6+ Kh8 17. Bh6 Rg8 18. Qf7 Qe8 19. Qxf6+ Kh7 20. Qh4 Qd8 21.
Bg5+ Kg7 22. Bxd8 Rh8 23. Bf6+ Kg8 24. Qxh8+ Kf7 25. Qg7+ Ke6 26. Qg4+ Kf7 27.
Qxc8 a6 28. Rae1 Kg6 29. Qf5+ Kxf5 30. f3 Nd7 31. g4+ Ke6 32. f4 Rg8 33. f5+ Kf7
34. g5 d4 35. e6+ Ke8 36. exd7+ Kxd7 37. Re7+ Kd6 38. Rfe1 Rxg5+ 39. Bxg5 c5 40.
R1e6+ Kd5 41. Re5+ Kc6 42. a3 c4 43. b4 d3 44. R5e6+ Kb5 45. Rb7+ Ka4 46. Rxa6#
1-0

[Event "Challenge"]
[Site "http://www.queenalice.com/game.php?id=961584"]
[Date "2011.7.18"]
[Round "-"]
[White "jesieljr"]
[Black "juliocat"]
[Result "0-1"]
[WhiteElo "1515"]
[BlackElo "1486"]

1. d4 d5 2. Nc3 e6 3. g3 c6 4. Bg2 b5 5. Nf3 Nd7 6. Ne5 Nxe5 7. dxe5 g6 8. O-O
b4 9. Na4 Bg7 10. Qd4 Ne7 11. f4 Nf5 12. Qc5 Bf8 13. Qxc6+ Bd7 14. Qa6 Bc8 15.
Qd3 Qd7 16. b3 h5 17. a3 h4 18. g4 h3 19. Bf3 Nh4 20. axb4 Rb8 21. Nc5 Qc6 22.
Be3 g5 23. f5 Ng2 24. Rxa7 Nxe3 25. Qxe3 exf5 26. Qxg5 Rb7 27. Nxb7 Bxb7 28. Qe3
Rg8 29. g5 Be7 30. Rd1 Bxg5 31. Qd3 Bh6+ 32. Kh1 Qb6 33. Ra5 Be3 34. Bxd5 Rg1+
35. Rxg1 Bxg1 36. Qd1 Qd4 37. Qxd4 Bxd4 38. Bxb7 Bc3 39. Bc6+ Ke7 40. Ra7+ Ke6
41. Ra4 Bxe5 42. Ra6 Bc3 43. Be8+ Ke7 44. Bb5 Bxb4 45. Ra7+ Kf6 46. Bc4 Bc5 47.
Rxf7+ Kg5 48. Rh7 Kg6 49. Rxh3 f4 50. Bd3+ Kg5 51. Rf3 Kg4 52. h3+ Kh4 53. Rxf4+
Kxh3 54. Rf5 Bd6 55. e4 Be7 56. e5 Bd8 57. e6 Kg3 58. Re5 Kf4 59. Rd5 Be7 60.
Rd7 Bf6 61. e7 Bxe7 62. Rxe7 Kg5 63. b4 Kf6 64. Re8 Kf7 65. Re3 Kf8 0-1

[Event "Challenge"]
[Site "http://www.queenalice.com/game.php?id=971076"]
[Date "2011.8.10"]
[Round "-"]
[White "montelo"]
[Black "jesieljr"]
[Result "0-1"]
[WhiteElo "2137"]
[BlackElo "1521"]

1. e4 e5 2. Qh5 Nc6 3. Bb5 Nf6 4. Qf3 Nd4 5. Qd3 g6 6. c3 Nxb5 7. Qxb5 Ng4 8. f3
c6 9. Qb3 Nf6 10. Nh3 d5 11. Ng5 Qe7 12. d3 Nh5 13. O-O h6 14. Nh3 Bxh3 15. gxh3
Nf4 16. Bxf4 exf4 17. Nd2 Qg5+ 18. Kh1 Rd8 19. Qxb7 dxe4 20. Qxc6+ Rd7 21. Qxe4+
Be7 22. Qa8+ Bd8 23. Rfe1+ Kf8 24. Ne4 Qf5 25. d4 Qxh3 26. Nc5 Rd6 27. Qxa7
Qxf3+ 28. Kg1 Qg4+ 29. Kh1 f3 30. Ne4 Qg2# 0-1

[Event "Challenge"]
[Site "http://www.queenalice.com/game.php?id=971077"]
[Date "2011.8.10"]
[Round "-"]
[White "jesieljr"]
[Black "montelo"]
[Result "1-0"]
[WhiteElo "1521"]
[BlackElo "2137"]

1. e4 e5 2. Qf3 Nc6 3. Bc4 f6 4. Qh5+ g6 5. Qf3 Nd4 6. Qd3 Bg7 7. Nf3 Nc6 8. Qd5
Qe7 9. Nc3 Nb4 10. Qb5 Nxc2+ 11. Ke2 c6 12. Qa4 Nxa1 13. d4 b5 14. Bxb5 cxb5 15.
Nxb5 Qd8 16. Bd2 Qb6 17. Rxa1 Ba6 18. Ke1 Bxb5 19. Qb4 Ne7 20. d5 f5 21. Rc1 O-O
22. Be3 Qb7 23. d6 Nc8 24. Rc5 Nxd6 25. Nxe5 Bxe5 26. Rxe5 fxe4 27. Qxd6 Qc8 28.
Re7 Qd8 29. Qd5+ Kh8 30. Bd4+ Rf6 31. Bxf6# 1-0

[Event "AUTO-INT-2113"]
[Site "http://www.queenalice.com/game.php?id=971707"]
[Date "2011.8.12"]
[Round "1"]
[White "roqqk38"]
[Black "jesieljr"]
[Result "0-1"]
[WhiteElo "1619"]
[BlackElo "1422"]

1. e4 e5 2. Nf3 Nc6 3. d3 Nf6 4. Ng5 Qe7 5. c3 h6 6. Nf3 Ng4 7. Be2 Qc5 8. d4
exd4 9. cxd4 Nxd4 10. Nxd4 Ne5 11. Nc3 d6 12. Ndb5 Be7 13. Nd5 Bd7 14. Nbxc7+
Kd8 15. Nxa8 Bh4 16. g3 Bf6 17. Be3 Qc6 18. Bxa7 Nc4 19. Rc1 b5 20. Ndc7 Bxb2
21. Rb1 Qxe4 22. Rg1 Bc3+ 23. Kf1 Bh3+ 24. Rg2 Qxg2# 0-1

[Event "AUTO-INT-2113"]
[Site "http://www.queenalice.com/game.php?id=971708"]
[Date "2011.8.12"]
[Round "1"]
[White "jesieljr"]
[Black "roqqk38"]
[Result "0-1"]
[WhiteElo "1517"]
[BlackElo "1647"]

1. e4 e5 2. Qh5 d6 3. Bc4 g6 4. Qf3 Nh6 5. d3 g5 6. h4 g4 7. Qe2 Bd7 8. f3 g3 9.
f4 Qf6 10. Nc3 exf4 11. Nd5 Qd8 12. b3 c6 13. Nxf4 Qf6 14. Nh5 Qxa1 15. Qd2 a5
16. Ne2 Bg4 17. Nhf4 Bg7 18. O-O Bxe2 19. Nxe2 Be5 20. d4 b5 21. Qxh6 Bxd4+ 22.
Be3 Bxe3+ 23. Qxe3 Qxa2 24. Bxf7+ Kd7 25. Nxg3 Qxc2 26. Nf5 c5 27. Qg5 Qxe4 28.
Qg7 Qe5 29. Qxe5 dxe5 30. Rd1+ Kc7 31. Bd5 Ra6 32. Rc1 Nd7 33. g4 a4 34. b4 a3
35. bxc5 Nf6 36. Bb3 Nxg4 37. Bc2 Rc6 38. Bd3 b4 39. Bb5 Rf6 40. Bd3 Rg8 41. Ne7
Rd8 42. Bxh7 Rf7 43. Bf5 Ne3 44. Ng6 Rxf5 45. Re1 Rd1 46. Rxd1 Nxd1 47. Ne7 Ne3
48. Nxf5 Nxf5 49. Kf2 a2 50. h5 a1=Q 51. Kf3 Qd1+ 52. Ke4 Qxh5 53. Kxe5 b3 54.
Ke6 b2 55. Kd5 b1=Q 0-1

[Event "AUTO-INT-2113"]
[Site "http://www.queenalice.com/game.php?id=971719"]
[Date "2011.8.12"]
[Round "1"]
[White "nick_sallo"]
[Black "jesieljr"]
[Result "1-0"]
[WhiteElo "1753"]
[BlackElo "1525"]

1. e4 e5 2. Nf3 Nc6 3. Bc4 Nf6 4. Ng5 Na5 5. Nxf7 Qe7 6. Nxh8 Nxc4 7. c3 d5 8.
exd5 Nxd5 9. Qa4+ c6 10. Qxc4 Nf4 11. Qf7+ Qxf7 12. Nxf7 Kxf7 13. O-O Bf5 14.
Re1 Nd3 15. Rf1 Bc5 16. b4 Bd6 17. Na3 a5 18. Nc4 Bc7 19. Nb2 axb4 20. Nxd3 Bxd3
21. Re1 1-0

[Event "AUTO-INT-2113"]
[Site "http://www.queenalice.com/game.php?id=971720"]
[Date "2011.8.12"]
[Round "1"]
[White "jesieljr"]
[Black "nick_sallo"]
[Result "0-1"]
[WhiteElo "1488"]
[BlackElo "1729"]

1. e4 e5 2. Qh5 d6 3. g3 Nh6 4. d4 Bg4 5. Qh4 Be7 6. Bg5 Bxg5 7. Qxg4 Nxg4 8.
Nf3 Bc1 9. d5 Bxb2 10. h3 Qf6 11. Nh4 Qxf2+ 12. Kd1 Ne3# 0-1

[Event "AUTO-OPEN-2441"]
[Site "http://www.queenalice.com/game.php?id=971733"]
[Date "2011.8.12"]
[Round "1"]
[White "saida"]
[Black "jesieljr"]
[Result "0-1"]
[WhiteElo "1688"]
[BlackElo "1507"]

1. d4 d5 2. c4 Nf6 3. Nf3 g6 4. Bg5 Ne4 5. c5 b6 6. cxb6 axb6 7. e3 c6 8. Bd3
Bg7 9. Nbd2 O-O 10. O-O Bg4 11. Qc1 b5 12. Nxe4 Bxf3 13. gxf3 dxe4 14. Bxe4 f6
15. Bh4 f5 16. Bxc6 Nxc6 17. Qxc6 b4 18. Qe6+ Rf7 19. Rac1 h6 20. Rc7 Qxc7 0-1

[Event "AUTO-OPEN-2441"]
[Site "http://www.queenalice.com/game.php?id=971734"]
[Date "2011.8.12"]
[Round "1"]
[White "jesieljr"]
[Black "saida"]
[Result "0-1"]
[WhiteElo "1541"]
[BlackElo "1688"]

1. e4 c5 2. Qf3 e6 3. Nh3 Nc6 4. d3 d5 5. exd5 Qxd5 6. Qxd5 exd5 7. g3 Nd4 8.
Na3 Nf3+ 9. Kd1 c4 10. dxc4 Bg4 11. Bg2 Nd4+ 12. f3 Bxf3+ 13. Bxf3 Nxf3 14. cxd5
O-O-O 15. c4 Bb4 16. Nb5 Nf6 17. Nxa7+ Kb8 18. Be3 Rhe8 19. Ke2 Nd4+ 20. Kd3 Nf3
21. Bb6 Ne5+ 22. Kd4 Rc8 23. b3 Ba3 24. Nf2 Bb2+ 25. Ke3 Bxa1 26. Rxa1 Nxc4+ 27.
Kf3 Nxb6 28. Nb5 Rcd8 29. d6 Nfd5 30. Kg4 h5+ 31. Kf5 g6+ 32. Kg5 Re5+ 33. Kh6
Re2 34. Rf1 Nf6 35. Kg7 Ng8 36. Kxf7 g5 37. Nh3 g4 38. Nf4 Rxa2 39. Nxh5 Rxh2
40. Nf6 Nxf6 41. Rxf6 Nd5 42. Rf5 Rh7+ 43. Ke6 Ne3 44. Rc5 Re8+ 45. Kf6 Rf8+ 46.
Kg6 Rhf7 47. Re5 Rf6+ 48. Kh5 Rf5+ 49. Rxf5 Rxf5+ 0-1

[Event "AUTO-OPEN-2441"]
[Site "http://www.queenalice.com/game.php?id=971761"]
[Date "2011.8.12"]
[Round "1"]
[White "arthurgomes"]
[Black "jesieljr"]
[Result "1-0"]
[WhiteElo "1867"]
[BlackElo "1422"]

1. e4 e5 2. Bc4 Qh4 3. Qf3 Nf6 4. Nc3 d6 5. g3 Qh5 6. Qg2 g6 7. d3 Bg7 8. h4 O-O
9. Bg5 Ng4 10. O-O-O Bf6 11. Nf3 Nc6 12. Nd5 Na5 13. Bxf6 c6 14. Ne7# 1-0

[Event "AUTO-OPEN-2441"]
[Site "http://www.queenalice.com/game.php?id=971762"]
[Date "2011.8.12"]
[Round "1"]
[White "jesieljr"]
[Black "arthurgomes"]
[Result "0-1"]
[WhiteElo "1521"]
[BlackElo "1859"]

1. e4 e5 2. Qh5 Qf6 3. Nf3 Nc6 4. Bb5 g6 5. Qh3 d5 6. Qh4 Qxh4 7. Nxh4 dxe4 8.
Nc3 Be7 9. Nd5 Bd6 10. O-O a6 11. Bxc6+ bxc6 12. Nc3 g5 13. Nxe4 gxh4 14. d3 f5
15. Ng5 h6 16. Nf3 f4 17. Re1 h3 18. g3 fxg3 19. hxg3 Ne7 20. d4 Bg4 21. Nh4 Bb4
22. Rxe5 Kd7 23. f3 Bd6 24. Re4 Be6 25. b3 Bd5 26. Re3 Bxg3 27. Ba3 Rae8 28.
Bxe7 Bxh4 29. c4 Rhg8+ 30. Kf1 h2 31. Ke2 Rg2+ 32. Kd3 Bxe7 33. Rh1 Bf7 34. Re2
Bg6+ 0-1

[Event "AUTO-OPEN-2441"]
[Site "http://www.queenalice.com/game.php?id=971781"]
[Date "2011.8.12"]
[Round "1"]
[White "jesieljr"]
[Black "jupar"]
[Result "0-1"]
[WhiteElo "1529"]
[BlackElo "1852"]

1. e4 e5 2. Qf3 Nf6 3. Nc3 d6 4. Bc4 Nc6 5. Nd5 Be7 6. d3 O-O 7. Qg3 Nd4 8. Nb4
c5 9. c3 Ne6 10. Bxe6 cxb4 11. Bh6 Nh5 12. Qg4 Bxe6 13. Qxh5 gxh6 14. Nf3 bxc3
15. Qxh6 cxb2 16. Rd1 Qa5+ 17. Nd2 Rfc8 18. O-O Bf8 19. Qg5+ Bg7 20. f4 exf4 21.
Rxf4 Qxd2 22. Rxd2 b1=Q+ 23. Kf2 Rc2 24. Rxc2 Qxc2+ 25. Ke3 Re8 26. Qh5 Qxg2 27.
Rh4 Qg6 28. d4 Bd7 0-1

[Event "AUTO-OPEN-2441"]
[Site "http://www.queenalice.com/game.php?id=971782"]
[Date "2011.8.12"]
[Round "1"]
[White "jupar"]
[Black "jesieljr"]
[Result "1-0"]
[WhiteElo "1861"]
[BlackElo "1517"]

1. d4 d5 2. c4 dxc4 3. Nc3 Nc6 4. d5 Ne5 5. Bf4 Ng4 6. h3 N4f6 7. e4 e6 8. Bxc4
Bb4 9. Qa4+ Bd7 10. Qxb4 Ne7 11. d6 cxd6 12. Bxd6 Bc6 13. Bxe7 Qxe7 14. Qxe7+
Kxe7 15. f3 Rhd8 16. Nge2 a6 17. Rd1 Bb5 18. Rxd8 Rxd8 19. Bxb5 axb5 20. Nxb5
Ra8 21. a3 Nh5 22. Kf2 f5 23. exf5 exf5 24. Re1 Kf6 25. g4 fxg4 26. fxg4 g6 27.
gxh5 gxh5 28. Ned4 Kg5 29. Kg3 h4+ 30. Kg2 Rg8 31. Kf3 Kh5 32. Re5+ Kg6 33. Ne2
1-0